[Event "Aut_2.Bundesliga_Ost_2004/05"]
[Site "Eichgraben(1+2) Wien(3+4) Wien"]
[Date "2004.10.09"]
[Round "1"]
[Board "2"]
[White "Wirius, Stefan"]
[Black "Alvir, Aco"]
[Result "0-1"]
[WhiteElo "2334"]
[BlackElo "2381"]
[PlyCount "84"]

1.c4 e5 2.g3 Nf6 3.Bg2 d5 4.cxd5 Nxd5 5.Nc3 Nb6 6.d3 Be7 7.Nf3 Nc6 8.O-O O-O
9.a4 a5 10.Nb5 Re8 11.Nd2 Be6 12.b3 Bb4 13.Nc4 Nd7 14.Bb2 Nc5 15.Qc2 Nd4 16.Bxd4
exd4 17.Qb2 Bxc4 18.bxc4 c6 19.Nxd4 Qf6 20.Ra2 Rad8 21.Nb3 Qxb2 22.Rxb2 Nxb3
23.Rxb3 Rxe2 24.Rd1 Rd4 25.Rbb1 Ra2 26.Bh3 Rxa4 27.Bc8 Ra3 28.Bxb7 c5 29.Rb2 Rd8
30.Re2 Kf8 31.Bc6 g6 32.Kg2 Rb3 33.Re3 Rd6 34.Bd5 Rf6 35.d4 Rb2 36.Rf3 Rxf3
37.Kxf3 cxd4 38.Rxd4 Bc5 39.Rd1 a4 40.Bc6 a3 41.Rd8+ Kg7 42.Ra8 f5

[Event "Aut_2.Bundesliga_Ost_2004/05"]
[Site "Eichgraben(1+2) Wien(3+4) Wien"]
[Date "2004.10.09"]
[Round "1"]
[Board "3"]
[White "Rueckschloss, Karol"]
[Black "Hodysh, Yuriy"]
[Result "1-0"]
[WhiteElo "2331"]
[BlackElo "2166"]
[PlyCount "145"]

1.c4 Nf6 2.d4 e6 3.Nf3 b6 4.e3 Bb7 5.Bd3 Be7 6.Nc3 d5 7.O-O O-O 8.b3 Nbd7 9.Bb2
a6 10.Rc1 dxc4 11.bxc4 c5 12.Bb1 cxd4 13.exd4 Re8 14.Ng5 h6 15.Nge4 Nxe4 16.Nxe4
Nf6 17.f3 Rc8 18.Qd3 g6 19.a4 a5 20.Rfd1 Ba6 21.Qb3 Qc7 22.Ba2 Bb7 23.d5 Nxe4
24.fxe4 Bd6 25.Qc3 e5 26.Qd2 Bf8 27.Rf1 Qd7 28.Bb3 Qg4 29.Qd3 Rc7 30.Rf6 Be7
31.Rf3 Bc5+ 32.Kh1 Bc8 33.Rcf1 Kg7 34.Rf6 Qg5 35.Bc1 Qh5 36.Bd1 Qh4 37.g3 Qh3
38.Qf3 Qd7 39.Qe2 Rh8 40.Bb2 Bd6 41.Qf2 Rb7 42.g4 Qe7 43.Qg3 Qxf6 44.Rxf6 Kxf6
45.Qf4+ Kg7 46.Bxe5+ Bxe5 47.Qxe5+ f6 48.Qd6 Re8 49.Qc6 Rbe7 50.Bf3 Bd7 51.Qxb6
Bxa4 52.d6 Rd7 53.c5 Red8 54.Qxa5 Bc6 55.Qb6 Rc8 56.Kg2 g5 57.e5 Rb7 58.d7 Bxf3+
59.Kxf3 Rxd7 60.Qxf6+ Kg8 61.Qg6+ Rg7 62.Qd6 Kh7 63.e6 Rcc7 64.Ke4 Ra7 65.Ke5
Ra1 66.Qd3+ Kg8 67.Qd8+ Kh7 68.e7 Re1+ 69.Kd6 Rd1+ 70.Kc7 Re1 71.Kd7 Re3 72.Qf8
Rd3+ 73.Kc8

[Event "Aut_2.Bundesliga_Ost_2004/05"]
[Site "Eichgraben(1+2) Wien(3+4) Wien"]
[Date "2004.10.09"]
[Round "1"]
[Board "4"]
[White "Vitouch, Anatol"]
[Black "Smolen, Jan"]
[Result "0-1"]
[WhiteElo "2185"]
[BlackElo "2334"]
[PlyCount "76"]

1.Nf3 Nf6 2.c4 g6 3.d4 Bg7 4.g3 d5 5.Nbd2 O-O 6.Bg2 Nc6 7.b3 e5 8.Nxe5 Nxd4
9.Bb2 Ng4 10.Bxd4 Nxe5 11.O-O dxc4 12.Nxc4 Nf3+ 13.Bxf3 Bxd4 14.Rc1 c6 15.e3 Bb6
16.Nd6 Bh3 17.Nxb7 Qe7 18.Bxc6 Bxf1 19.Kxf1 Qa3 20.Rc2 Rac8 21.Qd5 Rc7 22.e4
Qa6+ 23.Kg2 Qxb7 24.Bxb7 Rxc2 25.a4 Rd8 26.Qe5 Rxf2+ 27.Kh3 Rdd2 28.Qe8+ Kg7
29.Qe5+ Kh6 30.Kh4 Bd4 31.Qg5+ Kg7 32.e5 Bb6 33.e6 Rxh2+ 34.Kg4 Rd4+ 35.Kf3 Rf2+
36.Kxf2 Rd5+ 37.Kf3 Rxg5 38.Kf4 f6

[Event "Aut_2.Bundesliga_Ost_2004/05"]
[Site "Eichgraben(1+2) Wien(3+4) Wien"]
[Date "2004.10.09"]
[Round "1"]
[Board "5"]
[White "Kuthan, Andreas"]
[Black "Wirius, Johannes"]
[Result "1/2-1/2"]
[WhiteElo "2235"]
[BlackElo "2182"]
[PlyCount "47"]

1.e4 e6 2.d4 d5 3.Nd2 Nf6 4.e5 Nfd7 5.Bd3 c5 6.c3 Nc6 7.Ngf3 cxd4 8.cxd4 Qb6
9.O-O Nxd4 10.Nxd4 Qxd4 11.Nf3 Qb6 12.Qa4 Bc5 13.Qg4 g6 14.Bh6 Bf8 15.Bxf8 Kxf8
16.Qf4 Kg7 17.Rac1 Rf8 18.h4 f6 19.exf6+ Rxf6 20.Qg3 Nc5 21.Bb1 Bd7 22.Ne5 Bb5
23.Rfd1 Raf8 24.Ng4

[Event "Aut_2.Bundesliga_Ost_2004/05"]
[Site "Eichgraben(1+2) Wien(3+4) Wien"]
[Date "2004.10.09"]
[Round "1"]
[Board "1"]
[White "Gross, Stefan"]
[Black "Hagara, Eduard"]
[Result "1/2-1/2"]
[WhiteElo "2274"]
[BlackElo "2398"]
[PlyCount "69"]

1.d4 Nf6 2.c4 g6 3.Nc3 d5 4.Bg5 Ne4 5.Bh4 Nxc3 6.bxc3 Bg7 7.e3 c5 8.cxd5 Qxd5
9.Qf3 Qd8 10.Bc4 O-O 11.Ne2 Nc6 12.O-O Bd7 13.Rfd1 Qc8 14.h3 h6 15.Rac1 a6 16.e4
b5 17.Bb3 e5 18.Bf6 c4 19.Bc2 Re8 20.Bxg7 Kxg7 21.dxe5 Nxe5 22.Qg3 Bc6 23.Nd4
Kh7 24.f4 Nd3 25.Bxd3 cxd3 26.Nxc6 Qxc6 27.e5 Rad8 28.Rxd3 Qb6+ 29.Kh2 Rxd3
30.Qxd3 Rd8 31.Qe2 Qe6 32.c4 Rc8 33.c5 Qd5 34.a3 Rxc5 35.Rd1

[Event "Aut_2.Bundesliga_Ost_2004/05"]
[Site "Eichgraben(1+2) Wien(3+4) Wien"]
[Date "2004.10.09"]
[Round "1"]
[Board "3"]
[White "Weissenbeck, Manuel"]
[Black "Krpelan, Wolfgang"]
[Result "1/2-1/2"]
[WhiteElo "2254"]
[BlackElo "2246"]
[PlyCount "42"]

1.d4 d5 2.Nf3 Bf5 3.c4 e6 4.Nc3 c6 5.a3 Nf6 6.e3 Bd6 7.Be2 Ne4 8.Qb3 Qc7 9.Nh4
dxc4 10.Bxc4 O-O 11.Nxf5 exf5 12.Qc2 Re8 13.Bd3 Nxc3 14.bxc3 g6 15.h3 c5 16.O-O
c4 17.Be2 Nd7 18.Rb1 Nf6 19.e4 Nxe4 20.Bd2 Re7 21.Be1 Rc8

[Event "Aut_2.Bundesliga_Ost_2004/05"]
[Site "Eichgraben(1+2) Wien(3+4) Wien"]
[Date "2004.10.09"]
[Round "1"]
[Board "4"]
[White "Ranits, Franz"]
[Black "Hechl, Gerald"]
[Result "1/2-1/2"]
[WhiteElo "2272"]
[BlackElo "2252"]
[PlyCount "41"]

1.e4 c5 2.c3 Nf6 3.e5 Nd5 4.d4 cxd4 5.cxd4 d6 6.Nf3 Nc6 7.Bc4 Nb6 8.Bb5 dxe5
9.Nxe5 Bd7 10.Nc3 Nxe5 11.dxe5 Bxb5 12.Nxb5 Qxd1+ 13.Kxd1 Nd5 14.Ke2 a6 15.Rd1
O-O-O 16.Nd4 e6 17.Bd2 Bb4 18.Rac1+ Kb8 19.Bxb4 Nxb4 20.Rc5 Nd5 21.g3

[Event "Aut_2.Bundesliga_Ost_2004/05"]
[Site "Eichgraben(1+2) Wien(3+4) Wien"]
[Date "2004.10.09"]
[Round "1"]
[Board "5"]
[White "Wanderer, Thomas"]
[Black "Galavics, Hermann"]
[Result "1-0"]
[WhiteElo "2206"]
[BlackElo "2098"]
[PlyCount "81"]

1.e4 e6 2.d3 d5 3.Nd2 Nf6 4.Ngf3 c5 5.g3 Nc6 6.Bg2 Be7 7.O-O O-O 8.Re1 b5 9.e5
Nd7 10.h4 a5 11.Nf1 b4 12.N1h2 Ba6 13.Bg5 c4 14.Ng4 Rc8 15.Bxe7 Qxe7 16.h5 cxd3
17.cxd3 Nc5 18.h6 g6 19.Nf6+ Kh8 20.d4 Nd7 21.Nxd7 Qxd7 22.Rc1 Nb8 23.Qd2 Qe7
24.Rxc8 Rxc8 25.Rc1 Rc6 26.Rxc6 Nxc6 27.Qc1 Qd7 28.Qc5 Kg8 29.Nh2 Be2 30.Bf1
Bxf1 31.Ng4 Qc8 32.Nf6+ Kh8 33.Kxf1 Qa8 34.Kg2 Qc8 35.Qb6 a4 36.b3 axb3 37.axb3
Ne7 38.Qxb4 Nf5 39.Qc5 Qb8 40.Ng4 Kg8 41.b4

[Event "Aut_2.Bundesliga_Ost_2004/05"]
[Site "Eichgraben(1+2) Wien(3+4) Wien"]
[Date "2004.10.09"]
[Round "1"]
[Board "1"]
[White "Plachetka, Jan"]
[Black "Likavsky, Tomas"]
[Result "0-1"]
[WhiteElo "2435"]
[BlackElo "2449"]
[PlyCount "68"]

1.d4 Nf6 2.c4 e6 3.Nc3 Bb4 4.e3 O-O 5.Bd3 c5 6.Nge2 cxd4 7.exd4 d5 8.cxd5 Nxd5
9.O-O Nc6 10.a3 Be7 11.Qc2 h6 12.Rd1 Bf6 13.Bh7+ Kh8 14.Be4 Nce7 15.Nf4 Qc7
16.Nh5 Bd7 17.Rd3 Rac8 18.Bxd5 Nxd5 19.Nxf6 Nxf6 20.Rf3 Ng8 21.Bf4 Qb6 22.Rd1
Bc6 23.Rg3 Rfd8 24.Qe2 Rd7 25.h3 Qd8 26.Qe5 Qf6 27.Qe3 Qf5 28.Qe5 Qxe5 29.Bxe5
f6 30.Bf4 Rcd8 31.Re3 e5 32.dxe5 Rxd1+ 33.Nxd1 Rxd1+ 34.Kh2 g5

[Event "Aut_2.Bundesliga_Ost_2004/05"]
[Site "Eichgraben(1+2) Wien(3+4) Wien"]
[Date "2004.10.09"]
[Round "1"]
[Board "2"]
[White "Manik, Mikulas"]
[Black "Staudner, Oliver"]
[Result "1/2-1/2"]
[WhiteElo "2510"]
[BlackElo "2392"]
[PlyCount "80"]

1.e4 e6 2.d4 d5 3.Nd2 Be7 4.c3 c5 5.dxc5 Bxc5 6.Nb3 Bb6 7.exd5 exd5 8.Qe2+ Ne7
9.Be3 Nbc6 10.Bxb6 Qxb6 11.Qd2 a5 12.Nf3 a4 13.Nbd4 Bg4 14.Be2 O-O 15.O-O Nxd4
16.Qxd4 Qxd4 17.Nxd4 Bxe2 18.Nxe2 Ra5 19.Rfe1 Nc6 20.Rad1 Re8 21.Kf1 f6 22.Nf4
Rxe1+ 23.Kxe1 Rb5 24.Rd2 Ne7 25.Kd1 Kf7 26.Kc2 g5 27.Ne2 Nc6 28.b4 axb3+ 29.axb3
Ra5 30.Kb2 Ke6 31.h3 h5 32.f4 Ra8 33.fxg5 fxg5 34.h4 Rg8 35.hxg5 Rxg5 36.Nf4+
Kd6 37.g3 Ne7 38.c4 Kc6 39.Re2 Kd7 40.Rd2 Kc6

[Event "Aut_2.Bundesliga_Ost_2004/05"]
[Site "Eichgraben(1+2) Wien(3+4) Wien"]
[Date "2004.10.09"]
[Round "1"]
[Board "3"]
[White "Vokroj, Rene"]
[Black "Plank, Franz"]
[Result "1-0"]
[WhiteElo "2280"]
[BlackElo "2305"]
[PlyCount "145"]

1.e4 d5 2.Nc3 dxe4 3.Nxe4 Qd5 4.Nc3 Qa5 5.Nf3 Nf6 6.Bc4 Bg4 7.h3 Bh5 8.d4 c6
9.O-O e6 10.Re1 Be7 11.g4 Bg6 12.Bf4 Nbd7 13.a3 O-O 14.Bg3 Qd8 15.Nh4 Nb6 16.Bf1
Nbd5 17.Nxg6 hxg6 18.Qf3 Bd6 19.Bh4 Be7 20.Bg3 Bd6 21.Be5 Nxc3 22.Qxc3 Bxe5
23.dxe5 Nd5 24.Qd2 Qb6 25.c4 Ne7 26.Rad1 Rad8 27.Qc3 Rxd1 28.Rxd1 c5 29.Rd6 Nc6
30.Bg2 Qc7 31.Bxc6 bxc6 32.Qf3 Rc8 33.Kg2 Qb7 34.b3 a5 35.a4 Qc7 36.Qd3 Qb6
37.Rd7 Rb8 38.Qf3 Rf8 39.h4 Qb8 40.Qe3 Qb6 41.Qf3 Qb4 42.Rd3 Qb6 43.Qe3 Rd8
44.Rd6 Rb8 45.h5 gxh5 46.gxh5 Kf8 47.Qg5 Qc7 48.h6 gxh6 49.Qxh6+ Ke8 50.Qh8+ Ke7
51.Qf6+ Ke8 52.Qf3 Ke7 53.Qxc6 Qxc6+ 54.Rxc6 Rxb3 55.Rxc5 Rb4 56.Rxa5 Rxc4
57.Ra7+ Kd8 58.Kg3 Re4 59.f4 Ke8 60.Ra8+ Ke7 61.Kg4 Rb4 62.Kg5 Rc4 63.a5 Ra4
64.a6 Kd7 65.f5 exf5 66.a7 Ke7 67.e6 fxe6 68.Rh8 Kd6 69.a8=Q Rxa8 70.Rxa8 Ke5
71.Ra4 Kd5 72.Kf4 Kd6 73.Ra5

[Event "Aut_2.Bundesliga_Ost_2004/05"]
[Site "Eichgraben(1+2) Wien(3+4) Wien"]
[Date "2004.10.09"]
[Round "1"]
[Board "4"]
[White "Achs, Reinhold"]
[Black "Bukacek, Emil"]
[Result "1/2-1/2"]
[WhiteElo "2166"]
[BlackElo "2240"]
[PlyCount "24"]

1.c4 f5 2.b3 d6 3.Bb2 e5 4.g3 Nf6 5.Bg2 g6 6.e3 Bg7 7.Ne2 O-O 8.O-O Nc6 9.d3 Qe8
10.Nbc3 g5 11.Qd2 Kh8 12.f4 h6

[Event "Aut_2.Bundesliga_Ost_2004/05"]
[Site "Eichgraben(1+2) Wien(3+4) Wien"]
[Date "2004.10.09"]
[Round "1"]
[Board "5"]
[White "Rogetzer, Klaus"]
[Black "Allacher, Erwin"]
[Result "1-0"]
[WhiteElo "2124"]
[BlackElo "2147"]
[PlyCount "122"]

1.d4 Nf6 2.c4 d6 3.Nc3 c6 4.e4 Nbd7 5.Nf3 e5 6.Be2 Be7 7.O-O O-O 8.Re1 Re8 9.d5
c5 10.h3 g6 11.Nh2 Bf8 12.Qd3 Bg7 13.Bd1 a6 14.a3 Nf8 15.b4 b6 16.Ba4 Re7 17.Rb1
Nh5 18.Bc6 Raa7 19.bxc5 bxc5 20.Bg5 f6 21.Be3 Nf4 22.Qd2 g5 23.Na4 Bd7 24.Red1
Qe8 25.Rb6 Qh5 26.Nf1 Nxg2 27.Bxd7 Nxe3 28.Nxe3 Rexd7 29.Nf5 Qxh3 30.Qd3 Qg4+
31.Kf1 Ng6 32.Rb8+ Kf7 33.Nb6 Nf4 34.Qc2 Qg2+ 35.Ke1 Qg1+ 36.Kd2 Qxf2+ 37.Kc1
Qxc2+ 38.Kxc2 Bf8 39.Nxd7 Rxd7 40.Rdb1 h5 41.R1b7 Rxb7 42.Rxb7+ Kg6 43.Rb8 Bh6
44.Rh8 Bg7 45.Rg8 h4 46.Rxg7+ Kh5 47.Rh7+ Kg4 48.Nxd6 Kf3 49.Ne8 h3 50.Ng7 g4
51.Ne6 Kg2 52.Nxf4+ exf4 53.d6 f3 54.d7 f2 55.d8=Q f1=Q 56.Qd5 Qf2+ 57.Kb3 h2
58.e5+ Qf3+ 59.Ka4 h1=Q 60.Rxh1 Kxh1 61.exf6 Kh2

[Event "Aut_2.Bundesliga_Ost_2004/05"]
[Site "Eichgraben(1+2) Wien(3+4) Wien"]
[Date "2004.10.09"]
[Round "1"]
[Board "6"]
[White "Leber, Franz"]
[Black "Steiner, Johann"]
[Result "1/2-1/2"]
[WhiteElo "2119"]
[BlackElo "2051"]
[PlyCount "84"]

1.d4 Nf6 2.Nf3 g6 3.c4 Bg7 4.Nc3 d6 5.e4 O-O 6.h3 e5 7.d5 Nbd7 8.Bg5 h6 9.Be3
Nc5 10.Nd2 a5 11.Qe2 Nh5 12.g3 f5 13.exf5 Bxf5 14.Bxc5 dxc5 15.Qe3 Nf6 16.Be2 b6
17.O-O-O Ne8 18.g4 Bd7 19.Nde4 Nd6 20.Bd3 Be8 21.h4 Qd7 22.Rdg1 Qf7 23.Nxd6 cxd6
24.Ne4 Rd8 25.h5 Qf4 26.Rg3 g5 27.Rhh3 Bd7 28.Be2 Bc8 29.Rf3 Qxe3+ 30.Rxe3 Rf4
31.Rhg3 Bf8 32.f3 Bd7 33.Bd1 Rb8 34.Ra3 Be7 35.Ba4 Bc8 36.Kd2 Ba6 37.Rc3 Kg7
38.Bd7 Bb7 39.Be6 Ba6 40.Bd7 Bb7 41.Rd3 Ba6 42.Rc3 Bb7

[Event "Aut_2.Bundesliga_Ost_2004/05"]
[Site "Eichgraben(1+2) Wien(3+4) Wien"]
[Date "2004.10.09"]
[Round "1"]
[Board "1"]
[White "Polak, Thomas"]
[Black "Pingitzer, Harald"]
[Result "1-0"]
[WhiteElo "2466"]
[BlackElo "2389"]
[PlyCount "95"]

1.d4 d5 2.c4 c6 3.Nf3 e6 4.e3 Nf6 5.Bd3 Nbd7 6.O-O Bd6 7.Nc3 O-O 8.e4 dxe4
9.Nxe4 Nxe4 10.Bxe4 Nf6 11.Bc2 c5 12.Bg5 Be7 13.Qd3 g6 14.dxc5 Qxd3 15.Bxd3 Rd8
16.Ne5 Kg7 17.b4 b6 18.Be2 Bd7 19.Bf3 Rac8 20.c6 Be8 21.b5 h6 22.Be3 Nh7 23.Rad1
Ng5 24.Be2 Ne4 25.Bd3 Nc3 26.Rd2 f6 27.Nf3 e5 28.Bc2 Rxd2 29.Bxd2 Bb4 30.Be3 Bf7
31.Bb3 Re8 32.Kh1 g5 33.h3 f5 34.Nxe5 Rxe5 35.Bd4 Kf6 36.a3 Ba5 37.c7 Be6 38.c5
Bc8 39.cxb6 axb6 40.Re1 Ne4 41.Re2 Bc3 42.Rxe4 Bxd4 43.Rxd4 Rxb5 44.Rd8 Bb7
45.Bd5 Ba6 46.Bc4 Rb1+ 47.Kh2 b5 48.Rd6+

[Event "Aut_2.Bundesliga_Ost_2004/05"]
[Site "Eichgraben(1+2) Wien(3+4) Wien"]
[Date "2004.10.09"]
[Round "1"]
[Board "2"]
[White "Sandhu, Mario"]
[Black "Chytilek, Roman"]
[Result "0-1"]
[WhiteElo "2314"]
[BlackElo "2424"]
[PlyCount "48"]

1.b3 d5 2.Bb2 Bg4 3.Nf3 Nc6 4.e3 e6 5.h3 Bh5 6.Be2 Bxf3 7.Bxf3 Nf6 8.O-O Bd6
9.d3 Qe7 10.Nd2 Ba3 11.Qc1 Bxb2 12.Qxb2 O-O-O 13.c4 g5 14.c5 g4 15.hxg4 Rhg8
16.g3 Nxg4 17.Kg2 h5 18.Rh1 h4 19.Bxg4 Rxg4 20.Kf3 Rdg8 21.Rxh4 Rxh4 22.gxh4
Qxh4 23.Ke2 Qh5+ 24.Ke1 Ne5

[Event "Aut_2.Bundesliga_Ost_2004/05"]
[Site "Eichgraben(1+2) Wien(3+4) Wien"]
[Date "2004.10.09"]
[Round "1"]
[Board "3"]
[White "Groetz, Harald"]
[Black "Hofbauer, Martin"]
[Result "0-1"]
[WhiteElo "2299"]
[BlackElo "2334"]
[PlyCount "148"]

1.e4 c6 2.d4 d5 3.Nd2 dxe4 4.Nxe4 Bf5 5.Ng3 Bg6 6.Bc4 e6 7.N1e2 Bd6 8.Nf4 Bxf4
9.Bxf4 Nf6 10.O-O O-O 11.Bb3 Nbd7 12.Re1 Re8 13.Qf3 a5 14.a4 Nd5 15.Bd2 N7f6
16.Rad1 Nb4 17.Bxb4 axb4 18.Qe2 Qb6 19.Qe5 Ra5 20.Qe3 Rd8 21.Ne2 Be4 22.Nf4 Bd5
23.Nxd5 Nxd5 24.Qg3 Ne7 25.Qd3 Nf5 26.Rxe6 fxe6 27.Bxe6+ Kh8 28.Bxf5 Rad5 29.c3
Qc7 30.Qh3 h6 31.Bc2 R5d6 32.Re1 Qf7 33.Qd3 g6 34.Re5 Rf8 35.Qe3 Qf4 36.Qxf4
Rxf4 37.Re7 b6 38.g3 Rff6 39.Bb3 bxc3 40.bxc3 Rf3 41.Re3 Rdf6 42.Re8+ Kg7
43.Rg8+ Kh7 44.Rb8 c5 45.Bg8+ Kg7 46.dxc5 bxc5 47.c4 Rxf2 48.Bd5 Ra2 49.Rb7+ Kf8
50.Rc7 Rb6 51.Rf7+ Ke8 52.Rf2 Rxf2 53.Kxf2 Ke7 54.Ke3 Ra6 55.h4 Rxa4 56.Kf4 Kf6
57.Bg8 Ra1 58.Bd5 Rd1 59.Bg8 Rd4+ 60.Ke3 Ke5 61.Bf7 Rd6 62.Be8 Ra6 63.Kf3 Ra3+
64.Kg4 h5+ 65.Kh3 Ra6 66.Bf7 Ke4 67.Bd5+ Ke3 68.g4 Kf4 69.gxh5 Ra3+ 70.Kg2 gxh5
71.Be6 Rc3 72.Kh2 Re3 73.Bd7 Re7 74.Bc8 Re4

[Event "Aut_2.Bundesliga_Ost_2004/05"]
[Site "Eichgraben(1+2) Wien(3+4) Wien"]
[Date "2004.10.09"]
[Round "1"]
[Board "5"]
[White "Batyte, Daiva"]
[Black "Hansen, Kay"]
[Result "0-1"]
[WhiteElo "2130"]
[BlackElo "2208"]
[PlyCount "124"]

1.e4 c6 2.d4 d5 3.Nc3 dxe4 4.Nxe4 Bf5 5.Ng3 Bg6 6.Bc4 e6 7.N1e2 Bd6 8.Nf4 Qc7
9.Qf3 Nf6 10.Bb3 Nd5 11.Ngh5 O-O 12.O-O Nd7 13.Bd2 a5 14.c4 Nxf4 15.Nxf4 a4
16.Bd1 e5 17.c5 exf4 18.cxd6 Qxd6 19.Qxf4 Qxf4 20.Bxf4 Rfe8 21.Rc1 Bd3 22.Bg4
Bxf1 23.Bxd7 Red8 24.Bh3 Be2 25.Be3 Rd5 26.a3 Re8 27.g3 Bf3 28.Bf1 Rd6 29.Rc5 b5
30.Rc3 Bd5 31.Rc1 f6 32.h4 Kf7 33.Bd3 Rde6 34.Bd2 h5 35.Bb4 Bf3 36.Bf5 Re2
37.Bc3 Rd8 38.Kf1 g6 39.Bc2 Re6 40.b3 axb3 41.Bxb3 Bd5 42.Bc2 Ra8 43.Bb4 Bc4+
44.Kg2 Re2 45.Kg1 Rd8 46.Bc3 Rde8 47.Bb4 Bd5 48.Kf1 R8e6 49.Kg1 Bc4 50.a4 bxa4
51.Bxa4 Ra2 52.Bc2 Bd5 53.Bb1 Ra4 54.Bc3 Ra3 55.Bd3 Re7 56.Bf1 Rb7 57.Bd2 Rb2
58.Bf4 Ra4 59.Be3 Rba2 60.Rc5 Ra1 61.Bc1 Rb4 62.Bg2 Rbb1

[Event "Aut_2.Bundesliga_Ost_2004/05"]
[Site "Eichgraben(1+2) Wien(3+4) Wien"]
[Date "2004.10.09"]
[Round "1"]
[Board "6"]
[White "Schwab, Rene"]
[Black "Sadilek, Maximilian"]
[Result "1/2-1/2"]
[WhiteElo "2268"]
[BlackElo "2152"]
[PlyCount "114"]

1.e4 d5 2.exd5 Nf6 3.Nc3 Nxd5 4.Nxd5 Qxd5 5.Qf3 Qc5 6.c3 e5 7.d3 Nc6 8.Ne2 Be6
9.Ng3 Be7 10.Be2 O-O 11.Nf5 Rad8 12.O-O Bf6 13.Be3 Qd5 14.Qxd5 Rxd5 15.Ng3 Rfd8
16.f4 exf4 17.Bxf4 Be5 18.d4 Bxf4 19.Rxf4 Ne7 20.Rf2 b6 21.Re1 R5d7 22.a3 h6
23.Bb5 c6 24.Ba4 Bd5 25.Nf5 Nxf5 26.Rxf5 Kf8 27.Rfe5 b5 28.Bc2 g6 29.Kf2 Kg7
30.Re8 Be6 31.Rxd8 Rxd8 32.Be4 Rd6 33.Bf3 a5 34.Re5 a4 35.Rc5 Bd7 36.d5 cxd5
37.Rxd5 Rxd5 38.Bxd5 f5 39.c4 bxc4 40.Bxc4 Kf6 41.b3 axb3 42.Bxb3 Ke5 43.Ke3 f4+
44.Kf2 Kd4 45.Bd1 Kc3 46.Bf3 Kb3 47.Bd5+ Kxa3 48.Kf3 g5 49.Ke4 Kb4 50.Ke5 Kc5
51.Bf3 Bc6 52.h4 Bd7 53.hxg5 hxg5 54.Kf6 g4 55.Bxg4 Bxg4 56.Kg5 f3 57.gxf3 Bxf3

[Event "Aut_2.Bundesliga_Ost_2004/05"]
[Site "Eichgraben(1+2) Wien(3+4) Wien"]
[Date "2004.10.09"]
[Round "1"]
[Board "1"]
[White "Volkmann, Friedrich Karl"]
[Black "Loeffler, Stefan"]
[Result "0-1"]
[WhiteElo "2454"]
[BlackElo "2432"]
[PlyCount "56"]

1.e4 c5 2.Nf3 e6 3.d4 cxd4 4.Nxd4 Qb6 5.Na3 Bxa3 6.bxa3 Nf6 7.Qd3 O-O 8.Nb3 d6
9.Be2 Nbd7 10.f4 e5 11.f5 Qc6 12.Bf3 b6 13.O-O Bb7 14.Re1 Rac8 15.Bg5 Qxc2
16.Qxd6 Bxe4 17.Bxe4 Nxe4 18.Rxe4 Qxe4 19.Qxd7 h6 20.Nd2 Qe2 21.Nf3 hxg5 22.Re1
Qxa2 23.Nxg5 Rc2 24.Qb7 Re2 25.Rf1 e4 26.Kh1 Rxg2 27.Qxe4 Rxg5 28.f6 Rd8

[Event "Aut_2.Bundesliga_Ost_2004/05"]
[Site "Eichgraben(1+2) Wien(3+4) Wien"]
[Date "2004.10.09"]
[Round "1"]
[Board "2"]
[White "Miniboeck, Guenter"]
[Black "Schroll, Gerhard"]
[Result "1/2-1/2"]
[WhiteElo "2345"]
[BlackElo "2364"]
[PlyCount "48"]

1.d4 e6 2.c4 b6 3.e4 Bb7 4.Bd3 Nc6 5.Ne2 Nb4 6.Nbc3 Nxd3+ 7.Qxd3 d6 8.O-O g6
9.f4 Ne7 10.d5 Qd7 11.Nd4 Bg7 12.f5 gxf5 13.exf5 Bxd4+ 14.Qxd4 O-O-O 15.fxe6
fxe6 16.Bg5 Rhg8 17.Ne4 c5 18.Qd2 Rg7 19.Rf6 exd5 20.Nxd6+ Kb8 21.Nxb7 Kxb7
22.cxd5 Qxd5 23.Qxd5+ Rxd5 24.Bh6 Rg6

[Event "Aut_2.Bundesliga_Ost_2004/05"]
[Site "Eichgraben(1+2) Wien(3+4) Wien"]
[Date "2004.10.09"]
[Round "1"]
[Board "3"]
[White "Wiedner, Robert"]
[Black "Brandner, Stefan"]
[Result "1/2-1/2"]
[WhiteElo "2216"]
[BlackElo "2316"]
[PlyCount "119"]

1.d4 d5 2.c4 Nc6 3.e3 e5 4.dxe5 Bb4+ 5.Bd2 dxc4 6.Bxc4 Bxd2+ 7.Nxd2 Nxe5 8.Ngf3
Nxc4 9.Qa4+ c6 10.Qxc4 Nf6 11.O-O O-O 12.Rfd1 Qe7 13.h3 Rd8 14.Nb3 Be6 15.Qc5
Qc7 16.Rxd8+ Qxd8 17.Nbd4 Bd5 18.b4 a5 19.bxa5 Rxa5 20.Qc1 Qa8 21.a3 c5 22.Nf5
Bxf3 23.gxf3 c4 24.e4 g6 25.Qc3 Qa6 26.Nh6+ Kg7 27.Ng4 h5 28.Ne5 Rb5 29.Kg2 Qe6
30.f4 Nxe4 31.Qxc4 Qxc4 32.Nxc4 Rf5 33.Kf3 Ng5+ 34.Kg3 h4+ 35.Kg2 Rxf4 36.Nd6 b6
37.Rb1 Ra4 38.Rb3 Ne6 39.Nc8 Nf4+ 40.Kh2 Nd5 41.Nxb6 Nxb6 42.Rxb6 Rxa3 43.Rb4 g5
44.Kg2 Kg6 45.Rb6+ f6 46.Rb8 Ra4 47.Rc8 Kf5 48.Rc5+ Kf4 49.Rc6 f5 50.Rh6 Ra5
51.Rh8 Ke4 52.Rg8 f4 53.Re8+ Re5 54.Rf8 Re7 55.Rf6 Re8 56.Rf7 g4 57.hxg4 h3+
58.Kxh3 Kf3 59.Kh4 Rg8 60.Ra7

[Event "Aut_2.Bundesliga_Ost_2004/05"]
[Site "Eichgraben(1+2) Wien(3+4) Wien"]
[Date "2004.10.09"]
[Round "1"]
[Board "4"]
[White "Sulyok, Michael"]
[Black "Posch, Werner"]
[Result "1/2-1/2"]
[WhiteElo "2205"]
[BlackElo "2170"]
[PlyCount "20"]

1.Nf3 Nf6 2.c4 e6 3.g3 b6 4.Bg2 Bb7 5.O-O c5 6.Nc3 Be7 7.Re1 d6 8.e4 e5 9.d3 Nc6
10.a3 O-O

[Event "Aut_2.Bundesliga_Ost_2004/05"]
[Site "Eichgraben(1+2) Wien(3+4) Wien"]
[Date "2004.10.09"]
[Round "1"]
[Board "5"]
[White "Todor, Razvan"]
[Black "Herndlbauer, Martin"]
[Result "1/2-1/2"]
[WhiteElo "2158"]
[BlackElo "2132"]
[PlyCount "46"]

1.c4 c6 2.Nf3 Nf6 3.b3 d5 4.Bb2 Bf5 5.cxd5 cxd5 6.e3 Nc6 7.Be2 e6 8.Na3 h6 9.Nb5
Be7 10.Nbd4 Nxd4 11.Nxd4 Bh7 12.Rc1 O-O 13.f4 Ne4 14.O-O Qa5 15.d3 Nd6 16.Bc3
Qb6 17.Qd2 Bf6 18.Ba5 Qa6 19.Nf3 Rfc8 20.Ne5 Nf5 21.Bb4 Qb6 22.Ng4 Bd8 23.d4 Be7

[Event "Aut_2.Bundesliga_Ost_2004/05"]
[Site "Eichgraben(1+2) Wien(3+4) Wien"]
[Date "2004.10.09"]
[Round "1"]
[Board "6"]
[White "Zojer, Stefan"]
[Black "Zielbauer, Thomas"]
[Result "1-0"]
[WhiteElo "2132"]
[BlackElo "2141"]
[PlyCount "79"]

1.d4 d5 2.c4 c6 3.Nc3 Nf6 4.Nf3 e6 5.Bg5 Be7 6.e3 O-O 7.Qc2 Nbd7 8.Bd3 h6 9.Bh4
dxc4 10.Bxc4 b5 11.Bd3 a6 12.O-O c5 13.Rfd1 Qe8 14.Ne4 c4 15.Be2 Bb7 16.Nc3 Rc8
17.a3 g5 18.Bg3 Nb6 19.Ne5 a5 20.Bf3 Bxf3 21.Nxf3 b4 22.axb4 axb4 23.Ne4 Qc6
24.Ned2 b3 25.Qb1 Ra8 26.Ne5 Qb5 27.Rc1 Rxa1 28.Qxa1 Ra8 29.Qb1 Ra4 30.h4 Nfd5
31.e4 Nf6 32.hxg5 hxg5 33.Ndf3 Nh5 34.Nd2 Kg7 35.Ng4 Qa5 36.Nf3 Nxg3 37.fxg3 f6
38.Rf1 Ra2 39.Qc1 Qb4 40.e5

[Event "Aut_2.Bundesliga_Ost_2004/05"]
[Site "Eichgraben(1+2) Wien(3+4) Wien"]
[Date "2004.10.09"]
[Round "1"]
[Board "1"]
[White "Sommerbauer, Norbert"]
[Black "Lau, Ralf"]
[Result "1/2-1/2"]
[WhiteElo "2419"]
[BlackElo "2481"]
[PlyCount "39"]

1.e4 d5 2.exd5 Qxd5 3.Nc3 Qa5 4.d4 Nf6 5.Nf3 c6 6.Bc4 Bg4 7.h3 Bxf3 8.Qxf3 e6
9.Bd2 Qc7 10.O-O-O Nbd7 11.Rhe1 O-O-O 12.Bb3 h6 13.Kb1 Nb6 14.Ne4 Nxe4 15.Qxe4
Nd5 16.Qf3 Nf6 17.Be3 Bd6 18.c4 Qa5 19.Re2 Rd7 20.Bd2

[Event "Aut_2.Bundesliga_Ost_2004/05"]
[Site "Eichgraben(1+2) Wien(3+4) Wien"]
[Date "2004.10.09"]
[Round "1"]
[Board "2"]
[White "Srienz, Christian"]
[Black "Schweda, Roland"]
[Result "1/2-1/2"]
[WhiteElo "2285"]
[BlackElo "2410"]
[PlyCount "98"]

1.e4 g6 2.d4 Bg7 3.Nc3 c5 4.dxc5 Qa5 5.Bd2 Qxc5 6.Nd5 Na6 7.Rb1 Nf6 8.b4 Qd4
9.Nxf6+ Bxf6 10.Bd3 O-O 11.Nf3 Qb6 12.e5 Bg7 13.O-O d5 14.Be3 Qc7 15.Re1 Bg4
16.Bd4 Nb8 17.h3 Bxf3 18.Qxf3 Nc6 19.Qe3 Nxd4 20.Qxd4 e6 21.h4 f6 22.exf6 Rxf6
23.Qc5 Qxc5 24.bxc5 Bf8 25.Rxb7 Bxc5 26.Re2 Rxf2 27.Rxf2 Rf8 28.h5 Rxf2 29.Kh2
gxh5 30.Rxh7 Rd2 31.Rxh5 e5 32.Kh3 Bd6 33.g3 Bc7 34.Rh7 Bb6 35.Rd7 d4 36.Re7 Rd1
37.Rxe5 Kg7 38.g4 Rg1 39.g5 Bd8 40.g6 Rg5 41.Re4 Rxg6 42.Rxd4 Rh6+ 43.Kg2 Bb6
44.Rf4 Rf6 45.Kf3 Rxf4+ 46.Kxf4 Kf6 47.Bc4 Ke7 48.Ke5 Kd7 49.Kd5 Kc7

[Event "Aut_2.Bundesliga_Ost_2004/05"]
[Site "Eichgraben(1+2) Wien(3+4) Wien"]
[Date "2004.10.09"]
[Round "1"]
[Board "3"]
[White "Kummer, Helmut"]
[Black "Wukits, Rene"]
[Result "1/2-1/2"]
[WhiteElo "2350"]
[BlackElo "2265"]
[PlyCount "103"]

1.d4 d5 2.c4 e6 3.Nc3 Nf6 4.Bg5 Nbd7 5.e3 c6 6.Bd3 Qa5 7.Bh4 Bb4 8.Nge2 dxc4
9.Bxc4 e5 10.O-O O-O 11.Bb3 exd4 12.exd4 Qh5 13.Bg3 Nb6 14.a3 Be7 15.Nf4 Qxd1
16.Raxd1 Bd6 17.Rfe1 Bd7 18.Nd3 Bxg3 19.hxg3 Rae8 20.f3 Bc8 21.g4 g5 22.Re5 h6
23.Ree1 Kg7 24.Nc5 Rxe1+ 25.Rxe1 Re8 26.Rxe8 Nxe8 27.N3e4 Nd5 28.Kf2 b6 29.Nd3
f6 30.Bxd5 cxd5 31.Nc3 Bb7 32.Nb4 Nc7 33.Nc2 Kg6 34.Ne2 h5 35.gxh5+ Kxh5 36.g4+
Kg6 37.Ng3 Bc8 38.Ne3 Be6 39.Ngf5 Bxf5 40.Nxf5 Kf7 41.Ke3 Ke6 42.Kd3 Kd7 43.Ng3
Ne6 44.Ne2 Kc6 45.Ke3 a5 46.b3 Kd6 47.Kd3 Kd7 48.Kd2 Kd6 49.Ke3 Kd7 50.f4 Kd6
51.f5 Nd8 52.Ng3